1241 1355 1106 1455 1260 1723 1697 1432 1352 1140 1795 1623 1235 1300 1434 1923 1711 1707 1346 1008 1646 1607 1875 1935 1895 1183 1342 1363 1705 1267 1284 1816 1467 1813 1685 1421 1553 1674 1066 1653 1684 1651 1643 1602 1677 1488 1058 1957 1825 1340 1591 1841 1788 1570 1123 1815 1059 1833 1480 1050 1303 1118 1841 1888 1845 1175 1988 1579 1530 1630 1371 1460 1912 1132 1726 1549 1721 1391 1742 1226 1506 1021 1418 1270 1748 1601 1345 1549 1353 1647 1864 1108 1863 1145 1779 1190 1774 1779 1811 BCNSPRNW ULIB Ver.6.0+V

เปลี่ยนเป็นภาษาไทย

Change to English
 แสดงรายละเอียดบรรณานุกรม
  กลับหน้าหลัก

Brief Record : Get Marc (ISO 2709) : E-mail record : QR code < ปิดหน้าต่าง
LEADER : 00000nam 2200000uu 4500
001    13399127101
003     ULIB
008    191010s2562||||th 000 0 tha d
020    ^a9786160443840
060    ^aWS103^bM-ส
100    ^aMINHAE
245    ^aสงสัยจังนั่นตัวอะไร ชุดนิทานวิทยาศาสตร์พัฒนาทักษะสมอง EF (เรียนรู้เรื่องสัตว์ทะเล)
250    ^aพิมพ์ครั้งที่ 1
260    ^aกรุงเทพฯ :^bนานมีบุ๊คส์คิดดี้,^c2562
300    ^a28 หน้า;^b21 ซม.
650    ^aเด็ก^xการเรียนการสอน
945    ^p98^l0^i006289
999    ^aประนอม เกษจรัล
รายการนี้ยังไม่มีแท็ก
คุณยังไม่ได้ล็อกอิน คุณสามารถมีกิจกรรมร่วมกับเว็บไซต์ได้ แต่ต้องล็อกอินก่อน ::
  ล็อกอิน

รายการสื่อสารสนเทศ

ลำดับที่ ประเภท เลขเรียก/บาร์โค้ด สถานที่ สถานะ
1. วิทยาศาสตร์การแพทย์ และสุขภาพ
วิทยาศาสตร์การแพทย์ และสุขภาพ
WS103 M-ส ฉ.1 
  Barcode: 006289
ห้องสมุดวิทยาเขตสวรรค์ประชารักษ์
►หนังสือทั่วไป
บนชั้น

รายการใกล้เคียง
    ผู้แต่ง [MINHAE]

BibComment


ยังไม่เคยถูกคอมเมนท์

คอมเมนท์ทรัพยากรรายการนี้
  คอมเมนท์: สงสัยจังนั่นตัวอ..


 Copyright 2026. Bcnsprnw @Library